|
|
|
|
| LEADER |
00000nam a22000007a 4500 |
| 008 |
210125b ||||| |||| 00| 0 eng d |
| 020 |
|
|
|a 978-1-4522-7571-0
|
| 100 |
|
|
|a ORBE, Mark P.
|
| 245 |
|
|
|a Interracial communication: theory into practice
|c Mark P. Orbe, Tina M. Harris
|g xii, 395p.; ill.
|
| 250 |
|
|
|b 3rd ed.
|
| 260 |
|
|
|b Sage
|c 2015
|h Los Angeles:
|i 692000
|i 692001
|l E184 .A1Or1
|m Cultural pluralism – United States.
|m Intercultural communication – United States.
|m United States – Race relations.
|m United States – Ethnic relations.
|
| 500 |
|
|
|a “It includes references and index"
|
| 942 |
|
|
|a lcc
|c BK
|e Adeniran, F. A
|f 25/01/2021
|
| 952 |
|
|
|0 0
|1 0
|2 lcc
|4 0
|6 E0184 A1 O R1
|7 0
|9 1709
|a HOL
|b ART
|c GJ
|d 2021-01-25
|l 0
|o E184 .A1Or1
|p 2021-0489
|r 2021-01-25 00:00:00
|w 2021-01-25
|y BK
|
| 952 |
|
|
|0 0
|1 0
|2 lcc
|4 0
|6 E0184 A1 O R1
|7 0
|9 1710
|a HOL
|b HOL
|c GJ
|d 2021-01-25
|l 0
|o E184 .A1Or1
|p 2021-0490
|r 2021-01-25 00:00:00
|w 2021-01-25
|y BK
|
| 999 |
|
|
|c 907
|d 907
|